De refugiadas a retornadas
Guardado en:
| Autor Corporativo: | |
|---|---|
| Formato: | Texto |
| Publicado: |
Chiapas:
CIAM
|
| Etiquetas: |
Agregar Etiqueta
Sin Etiquetas, Sea el primero en etiquetar este registro!
|
MARC
| LEADER | 00000 a a2200000 04500 | ||
|---|---|---|---|
| 001 | 24488 | ||
| 003 | |||
| 040 | |||
| 090 | |a 167600 | ||
| 110 | |a Organización de mujeres guatemaltecas | ||
| 245 | |a De refugiadas a retornadas | ||
| 260 | |a Chiapas: |b CIAM | ||
| 300 | |a 104 p |b **no definido** |b il. |b fonodiscos |b map. | ||
| 999 | |c 7268 |d 7268 | ||
